000 00819nam a2200241 a 4500
001 000021661
005 20200930011413.0
008 100909s1969 mx a r 000 0 spa d
040 _aDO-SdBNP
_bspa
_cBNPHU
082 _a930.1
_bT468a, 1969
100 1 _aThompson, J. Eric S.,
_945065
240 1 0 _aMaya archaeologist.
_lEspañol.
245 1 0 _aArqueología maya /
_cJ. Eric S. Thompson ; traducción de Mario Bracamonte C.
250 _a2a ed.
260 _aMéxico :
_bEditorial Diana,
_c1969.
300 _a271 p. :
_bil. ;
_c23 cm.
534 _pTítulo original en italiano:
_tMaya archaeologist.
650 4 _aArqueología maya
_945066
651 4 _aMéxico
_xAntiguedades
_945067
651 4 _aAmérica Central
_xDescripciones Y Viajes
_916996
700 1 _aBracamonte C., Mario,
_etr.
_945068
049 _aBNGR
999 _c21160
_d21160